Весільна феєрія (Запис № 17402)
[ простий вигляд ]
| 000 -Маркер запису | |
|---|---|
| Контрольне поле сталої довжини | 01842nam a22002537a 4500 |
| 003 - Належність контрольного номера | |
| Контрольне поле | Uzh_bibl |
| 008 - Кодовані дані | |
| Контрольне поле сталої довжини | 260420b |||||||| |||| 00| 0 ukr d |
| 020 ## - Індекс ISBN | |
| ISBN | 978-617-531--203-2 |
| Ціна | 255.00 |
| 040 ## - Джерело каталогіз. | |
| Код мови каталог. | укр. |
| 041 ## - Код мови видання | |
| Код мови оригіналу | українська |
| Код мови тексту | українська |
| 080 ## - Індекс УДК | |
| Індекс УДК | 821.(477.87) |
| 090 ## - Шифри | |
| Поличний індекс | 821.(477.87) |
| Авторський знак | К37 |
| 100 ## - Автор | |
| Автор | Кешеля, Дмитро |
| 245 ## - Назва | |
| Назва | Весільна феєрія |
| Відповідальність | - |
| Фізичний носій | Текст |
| 260 ## - Вихідні дані | |
| Місце видання | Ужгород |
| Видавництво | "Видавництво Олександри Гаркуші" |
| Дата видання | 2019 |
| 300 ## - Фізичний опис | |
| Обсяг | 52 с. |
| Ілл./тип відтвор. | іл. |
| Тип одиниці | В опр. |
| 520 ## - Анотація | |
| Анотація | Повість Дмитра Кешелі "Весільна феєрія" однаково цікава, як дітям так і дорослим. Із незміним гумором, вивовижною любов'ю до людей народного фольклору, обрядів і звичаїв закарпатського села письменник розказує нам звично-незвичну історію кохання двох молодят, яка нашпигована різними подіями, приголомшливими пригодами, дитячим сприйняттям дорослої філософії життя. І все це слугує для головного героя твору величним величним уроком правди, справедливості, краси і першого кохання. |
| 521 ## - Примітка про цільове призначення | |
| Примітка про цільове призначення | Для молодшого шкільного віку |
| 546 ## - Примітка про мову | |
| Примітка про мову | укр. |
| 650 ## - Тематичні рубрики | |
| Основна рубрика | Краєзнавча література |
| Основна підрубрика | Літературно-художнє видання |
| 653 ## - Ключові слова | |
| Ключові слова | Історія кохання |
| -- | Незмінний гумор |
| -- | Дивовижна любов |
| 655 ## - Термін індексування — жанр/форма | |
| Жанр/форма | Художня література |
| Типове ділення | Повість |
| 942 ## - ADDED ENTRY ELEMENTS (KOHA) | |
| Джерело класифікації чи схема поличного розташування | |
| Koha item type | Книги |
| Статус вилучення | Статус втрати/відсутності | Джерело класифікації чи схема поличного розташування | Статус пошкодження | Тип обігу (не для випозичання) | Постійне розташування | Поточне розташування | Розташування у відділі | Дата надходження | Інвентарний номер | Total Checkouts | Повний (примірниковий) шифр зберігання | Штрих-код | Date last seen | Дата, для якої чинна ціна заміни | Тип одиниці (рівень примірника) |
|---|---|---|---|---|---|---|---|---|---|---|---|---|---|---|---|
| Бібліотека-філія №2 | Бібліотека-філія №2 | Абонемент молодший відділ | 20/04/2026 | 72622 | 821.(477.87) | 19788 | 20/04/2026 | 20/04/2026 | Книги |